[Event "COL pre olympic sf1"]
[Site "Medellin"]
[Date "2016.03.25"]
[Round "6"]
[White "Paniagua, Fabio de Jesus"]
[Black "Jaramillo Ochoa, Mateo"]
[Result "1/2-1/2"]
[WhiteElo "1834"]
[BlackElo "2113"]
[PlyCount "60"]
[EventDate "2016.03.22"]
[EventType "swiss"]
[EventRounds "9"]
[EventCountry "COL"]
[SourceTitle "CBM 171 Extra"]
[Source "ChessBase"]
[SourceDate "2016.04.26"]
[SourceVersion "1"]
[SourceVersionDate "2016.04.26"]
[SourceQuality "1"]

1. Nf3 Nf6 2. c4 g6 3. g3 Bg7 4. Bg2 0-0 5. 0-0 d6 6. d4 Nbd7 7. Nc3 e5 8. dxe5 dxe5 9. e4 c6 10. h3 Qe7 11. Qc2 a5 12. Be3 h6 13. Rfd1 Nc5 14. Rd2 Nfd7 15. Rad1 Nb6 16. b3 Be6 17. Rd6 Nbd7 18. Qd2 Kh7 19. Nh4 Rfe8 20. Nf3 f5 21. exf5 gxf5 22. Kh2 e4 23. Nh4 Be5 24. Nxf5 Bxf5 25. Rxh6+ Kg8 26. Ne2 Bg7 27. Rh4 Bf6 28. Rh6 Bg7 29. Rh4 Bf6 30. Rh6 Be5 1/2-1/2

[Event "COL pre olympic sf1"]
[Site "Medellin"]
[Date "2016.03.22"]
[Round "1"]
[White "Jaramillo Ochoa, Mateo"]
[Black "Valderrama Quiceno, Esteban Alberto"]
[Result "0-1"]
[WhiteElo "2113"]
[BlackElo "2406"]
[PlyCount "44"]
[EventDate "2016.03.22"]
[EventType "swiss"]
[EventRounds "9"]
[EventCountry "COL"]
[SourceTitle "CBM 171 Extra"]
[Source "ChessBase"]
[SourceDate "2016.04.26"]
[SourceVersion "1"]
[SourceVersionDate "2016.04.26"]
[SourceQuality "1"]

1. d4 Nf6 2. c4 e6 3. g3 d5 4. Nf3 dxc4 5. Bg2 c5 6. 0-0 Nc6 7. dxc5 Qxd1 8. Rxd1 Bxc5 9. Nc3 Bd7 10. Bg5 h6 11. Bxf6 gxf6 12. Nd2 Na5 13. Nce4 Be7 14. b4 Bxb4 15. Nxf6+ Ke7 16. Nxd7 Rad8 17. Nxc4 Nxc4 18. Rac1 b5 19. Bc6 Ba3 20. Rc3 a6 21. f4 Bb4 22. Rb3 Na5 0-1

[Event "Manizales Castro Memorial"]
[Site "Manizales"]
[Date "2015.12.18"]
[Round "2"]
[White "Pelaez, Hernan"]
[Black "Jaramillo Ochoa, Mateo"]
[Result "0-1"]
[WhiteElo "1796"]
[BlackElo "2125"]
[PlyCount "42"]
[EventDate "2015.12.17"]
[EventType "swiss"]
[EventRounds "7"]
[EventCountry "COL"]
[SourceTitle "CBM 170 Extra"]
[Source "ChessBase"]
[SourceDate "2016.02.25"]
[SourceVersion "1"]
[SourceVersionDate "2016.02.25"]
[SourceQuality "1"]

1. c4 e5 2. Nc3 Nc6 3. g3 Bc5 4. Bg2 Nf6 5. Nf3 a6 6. 0-0 d6 7. e3 Ba7 8. d4 exd4 9. Nxd4 Ne5 10. b3 0-0 11. Bb2 Bg4 12. Qc2 c6 13. h3 Bd7 14. Rad1 Qc8 15. Kh2 Re8 16. Ne4 Nxe4 17. Bxe4 Bxd4 18. Bxh7+ Kh8 19. exd4 Nf3+ 20. Kg2 Bxh3+ 21. Kxf3 Qg4# 0-1

[Event "COL-ch Universities"]
[Site "Bogota"]
[Date "2015.10.05"]
[Round "1"]
[White "Carreno Acevedo, Jhonatan Robert"]
[Black "Jaramillo Ochoa, Mateo"]
[Result "0-1"]
[WhiteElo "1887"]
[BlackElo "2125"]
[PlyCount "38"]
[EventDate "2015.10.05"]
[EventType "swiss"]
[EventRounds "6"]
[EventCountry "COL"]
[SourceTitle "CBM 168 Extra"]
[Source "ChessBase"]
[SourceDate "2015.10.29"]
[SourceVersion "1"]
[SourceVersionDate "2015.10.29"]
[SourceQuality "1"]

1. e4 c5 2. c3 d5 3. exd5 Qxd5 4. d4 Nc6 5. Nf3 Bf5 6. Na3 cxd4 7. cxd4 0-0-0 8. Bc4 Qe4+ 9. Be3 e5 10. 0-0 exd4 11. Ng5 dxe3 12. Nxe4 Rxd1 13. Raxd1 Bxe4 14. fxe3 Nf6 15. Bxf7 Bc5 16. Nc4 Kc7 17. a3 b5 18. Nd2 Bxe3+ 19. Kh1 Bd3 0-1

[Event "COL-ch Universities"]
[Site "Bogota"]
[Date "2015.10.05"]
[Round "2"]
[White "Jaramillo Ochoa, Mateo"]
[Black "Rodriguez, German Enrique"]
[Result "1-0"]
[WhiteElo "2125"]
[BlackElo "2030"]
[PlyCount "57"]
[EventDate "2015.10.05"]
[EventType "swiss"]
[EventRounds "6"]
[EventCountry "COL"]
[SourceTitle "CBM 168 Extra"]
[Source "ChessBase"]
[SourceDate "2015.10.29"]
[SourceVersion "1"]
[SourceVersionDate "2015.10.29"]
[SourceQuality "1"]

1. d4 Nf6 2. c4 g6 3. Nc3 Bg7 4. e4 d6 5. Nf3 0-0 6. h3 e5 7. d5 a5 8. Bg5 Na6 9. Be2 Nc5 10. Nd2 Bd7 11. Qc2 Qe8 12. b3 h6 13. Be3 Nh7 14. g4 c6 15. Rg1 Kh8 16. 0-0-0 Na6 17. a3 Nc7 18. Bb6 Qb8 19. Kb2 Rc8 20. Qd3 Ne8 21. Be3 Nhf6 22. Rc1 Ra6 23. h4 cxd5 24. Nxd5 Rac6 25. Ne7 Nh7 26. Nb1 Bf6 27. Nxc8 Rxc8 28. g5 hxg5 29. hxg5 1-0

[Event "COL-ch U20"]
[Site "Bogota"]
[Date "2014.03.14"]
[Round "4"]
[White "Jaramillo Ochoa, Mateo"]
[Black "Hernandez, Cristian Andres"]
[Result "0-1"]
[WhiteElo "2179"]
[BlackElo "2130"]
[PlyCount "58"]
[EventDate "2014.03.13"]
[EventType "swiss"]
[EventRounds "7"]
[EventCountry "COL"]
[SourceTitle "CBM 159 Extra"]
[Source "ChessBase"]
[SourceDate "2014.04.24"]
[SourceVersion "1"]
[SourceVersionDate "2014.04.24"]
[SourceQuality "1"]

1. d4 Nf6 2. c4 b6 3. Nc3 Bb7 4. e3 e6 5. Nge2 c5 6. d5 exd5 7. cxd5 d6 8. Ng3 g6 9. Be2 Bg7 10. 0-0 0-0 11. e4 Re8 12. Re1 a6 13. a4 Nbd7 14. f4 Rc8 15. Bc4 h5 16. h3 Nh7 17. e5 dxe5 18. f5 Kh8 19. d6 Rf8 20. Bxf7 gxf5 21. Qxh5 Ndf6 22. Qg6 Qd7 23. Bc4 Ne8 24. Be6 Qc6 25. Nh5 Rd8 26. d7 Rxd7 27. Bxf5 Rxf5 28. Qxe8+ Nf8 29. Ne4 Rd1 0-1

[Event "Bogota McGregor op 4th"]
[Site "Bogota"]
[Date "2013.12.08"]
[Round "7"]
[White "Jaramillo Ochoa, Mateo"]
[Black "Bachmann, Axel"]
[Result "0-1"]
[WhiteElo "2159"]
[BlackElo "2545"]
[PlyCount "38"]
[EventDate "2013.12.04"]
[EventType "swiss"]
[EventRounds "9"]
[EventCountry "COL"]
[SourceTitle "CBM 157 Extra"]
[Source "ChessBase"]
[SourceDate "2013.12.19"]
[SourceVersion "1"]
[SourceVersionDate "2013.12.19"]
[SourceQuality "1"]

1. d4 Nf6 2. c4 e6 3. g3 Bb4+ 4. Bd2 a5 5. Bg2 d6 6. e4 e5 7. Ne2 Bg4 8. d5 0-0 9. h3 Bd7 10. 0-0 c6 11. Nbc3 cxd5 12. cxd5 Bc5 13. Qb3 Na6 14. a3 Ba7 15. Nb5 a4 16. Qd3 Nc5 17. Qc4 Ncxe4 18. Bb4 Rc8 19. Qd3 Nxf2 0-1

[Event "Bogota McGregor op 4th"]
[Site "Bogota"]
[Date "2013.12.07"]
[Round "6"]
[White "Piraquive, Alberto"]
[Black "Jaramillo Ochoa, Mateo"]
[Result "0-1"]
[WhiteElo "1941"]
[BlackElo "2159"]
[PlyCount "62"]
[EventDate "2013.12.04"]
[EventType "swiss"]
[EventRounds "9"]
[EventCountry "COL"]
[SourceTitle "CBM 157 Extra"]
[Source "ChessBase"]
[SourceDate "2013.12.19"]
[SourceVersion "1"]
[SourceVersionDate "2013.12.19"]
[SourceQuality "1"]

1. e4 c5 2. Nf3 Nc6 3. c3 d5 4. exd5 Qxd5 5. Be2 e5 6. 0-0 Be7 7. d3 Bf5 8. Qb3 0-0-0 9. Rd1 h6 10. Na3 Nf6 11. Nc4 Be6 12. Qa4 g5 13. b4 cxb4 14. cxb4 Kb8 15. Bb2 Nd7 16. b5 Nc5 17. Qa3 Nd4 18. Nxd4 exd4 19. Bf3 Qd7 20. Qa5 f6 21. Rac1 g4 22. Be2 h5 23. b6 a6 24. Nd2 Qb5 25. Qa3 Rhe8 26. Nc4 Na4 27. Qb3 Qxb3 28. axb3 Nxb2 29. Nxb2 Bxb3 30. Nc4 Bxd1 31. Bxd1 Ba3 0-1

[Event "Bogota McGregor op 4th"]
[Site "Bogota"]
[Date "2013.12.06"]
[Round "5"]
[White "Jaramillo Ochoa, Mateo"]
[Black "Bejarano, Danny Andres"]
[Result "1-0"]
[WhiteElo "2159"]
[BlackElo "2021"]
[PlyCount "81"]
[EventDate "2013.12.04"]
[EventType "swiss"]
[EventRounds "9"]
[EventCountry "COL"]
[SourceTitle "CBM 157 Extra"]
[Source "ChessBase"]
[SourceDate "2013.12.19"]
[SourceVersion "1"]
[SourceVersionDate "2013.12.19"]
[SourceQuality "1"]

1. d4 Nf6 2. c4 e6 3. g3 Bb4+ 4. Bd2 Be7 5. Nf3 b6 6. Bg2 Bb7 7. Nc3 0-0 8. 0-0 d5 9. cxd5 Nxd5 10. Nxd5 exd5 11. Bf4 Bd6 12. Qd2 Re8 13. Bxd6 Qxd6 14. Rfd1 Nd7 15. Rac1 Nf6 16. Qc2 Re7 17. e3 Ne4 18. Ne5 c5 19. Bxe4 dxe4 20. Nc4 Qd5 21. b3 Rc8 22. Qb2 cxd4 23. Rxd4 Qc6 24. Rcd1 f6 25. Qa3 Rec7 26. Qxa7 b5 27. Rd6 Qe8 28. Nb6 Bc6 29. Nxc8 Rxc8 30. Qb6 Qh5 31. Rd8+ Kf7 32. Qd4 Rxd8 33. Qxd8 Qc5 34. Qc7+ Ke6 35. Qxg7 Qc2 36. Qg8+ Ke5 37. Qb8+ Kf5 38. Qf4+ Kg6 39. Rd6 Qc3 40. Qg4+ Kf7 41. Qe6+ 1-0

[Event "Barcelona Sant Marti op-A 15th"]
[Site "Barcelona"]
[Date "2013.07.21"]
[Round "9"]
[White "Perpinya Rofes, Lluis Maria"]
[Black "Jaramillo Ochoa, Mateo"]
[Result "1-0"]
[WhiteElo "2400"]
[BlackElo "2074"]
[PlyCount "61"]
[EventDate "2013.07.13"]
[EventType "swiss"]
[EventRounds "9"]
[EventCountry "ESP"]
[SourceTitle "CBM 155 Extra"]
[Source "ChessBase"]
[SourceDate "2013.08.26"]
[SourceVersion "1"]
[SourceVersionDate "2013.08.26"]
[SourceQuality "1"]

1. e4 e5 2. Nf3 Nc6 3. Bb5 Nf6 4. Qe2 Bc5 5. c3 0-0 6. d3 Re8 7. h3 h6 8. Ba4 a6 9. g4 d5 10. g5 hxg5 11. Bxg5 Be7 12. Nbd2 Nh5 13. Bxe7 Rxe7 14. 0-0-0 Nf4 15. Qe3 b5 16. Bb3 Na5 17. Nxe5 Nxb3+ 18. Nxb3 Rxe5 19. Qxf4 Qd6 20. f3 c5 21. Nxc5 d4 22. Nb3 dxc3 23. bxc3 Qa3+ 24. Kb1 Re7 25. Rhg1 Be6 26. Rxg7+ Kxg7 27. Rg1+ Kf8 28. Qh6+ Ke8 29. Rg8+ Kd7 30. Rxa8 Re8 31. Rxa6 1-0

[Event "Dosquebrad op"]
[Site "Dosquebrad"]
[Date "2013.06.21"]
[Round "5"]
[White "Herrera, Juan Sebastian"]
[Black "Jaramillo Ochoa, Mateo"]
[Result "1-0"]
[WhiteElo "2185"]
[BlackElo "2095"]
[PlyCount "125"]
[EventDate "2013.06.19"]
[EventType "swiss"]
[EventRounds "7"]
[EventCountry "COL"]
[SourceTitle "CBM 155 Extra"]
[Source "ChessBase"]
[SourceDate "2013.08.26"]
[SourceVersion "1"]
[SourceVersionDate "2013.08.26"]
[SourceQuality "1"]

1. e4 c5 2. Nf3 Nc6 3. Bb5 e6 4. 0-0 Nge7 5. b3 a6 6. Bxc6 Nxc6 7. Bb2 b5 8. c4 bxc4 9. bxc4 Bb7 10. Na3 Nd4 11. d3 Qc7 12. Nc2 Nxf3+ 13. Qxf3 Bd6 14. h3 0-0 15. Qg4 Be5 16. Bxe5 Qxe5 17. f4 Qc3 18. Qe2 f5 19. Rab1 Bc6 20. Rb3 Qa5 21. Ra3 Qc7 22. e5 Rfb8 23. Qe3 Rb2 24. Rf2 Qa7 25. Na1 Rb1+ 26. Rf1 Rxf1+ 27. Kxf1 Qb7 28. Rb3 Bxg2+ 29. Kf2 Qc6 30. Rb1 a5 31. Nb3 Bh1 32. Qg3 Qa4 33. Nd2 Qc2 34. Ke3 Be4 35. Ke2 Bc6 36. h4 Rf8 37. h5 h6 38. a3 a4 39. Rg1 Rf7 40. Qe3 Rf8 41. Qxc5 Bf3+ 42. Ke3 Bxh5 43. Qb4 Re8 44. Qb7 Re7 45. Qb8+ Kh7 46. Qd6 Rf7 47. Qd4 Bg4 48. Rf1 Re7 49. Qa1 d5 50. cxd5 exd5 51. Qd4 Qc6 52. Rb1 Qe8 53. Qxd5 Qh5 54. Rb8 Qh3+ 55. Kd4 Qg3 56. Nc4 Qg1+ 57. Kc3 Qc1+ 58. Kd4 Qxf4+ 59. Kc5 Qf2+ 60. d4 f4 61. Qe4+ g6 62. Qd5 Be6 63. Qd8 1-0

[Event "COL-ch U18"]
[Site "Florencia"]
[Date "2013.06.01"]
[Round "3"]
[White "Florez, Luis Angel"]
[Black "Jaramillo Ochoa, Mateo"]
[Result "1-0"]
[WhiteElo "2002"]
[BlackElo "2095"]
[PlyCount "109"]
[EventDate "2013.05.31"]
[EventType "swiss"]
[EventRounds "7"]
[EventCountry "COL"]
[SourceTitle "CBM 154 Extra"]
[Source "ChessBase"]
[SourceDate "2013.06.25"]
[SourceVersion "2"]
[SourceVersionDate "2013.06.25"]
[SourceQuality "1"]

1. c4 Nf6 2. Nc3 d6 3. g3 g6 4. Bg2 Bg7 5. Nf3 0-0 6. 0-0 Nc6 7. a3 e5 8. d3 Re8 9. e4 a5 10. h3 h6 11. Be3 Nd7 12. Nd5 Nc5 13. b4 Ne6 14. Qd2 Kh7 15. Rfc1 Ncd4 16. Bxd4 exd4 17. Nf4 c6 18. Nxe6 Bxe6 19. Qb2 axb4 20. axb4 Rxa1 21. Qxa1 Qb6 22. Qa4 Rd8 23. Nd2 h5 24. Ra1 h4 25. gxh4 Bf6 26. Nf3 Qc7 27. Qa5 Qd7 28. Ng5+ Bxg5 29. Qxg5 Kg7 30. h5 Rh8 31. hxg6 f6 32. Qg3 Bxh3 33. f4 Bxg2 34. Kxg2 f5 35. Rh1 Rxh1 36. Kxh1 Qe6 37. Qh3 Kxg6 38. Kh2 Qf6 39. exf5+ Qxf5 40. Qxf5+ Kxf5 41. Kg3 b6 42. b5 c5 43. Kf3 Kf6 44. Ke4 Ke6 45. f5+ Kf6 46. Kf4 Kf7 47. Ke4 Kf6 48. Kd5 Kxf5 49. Kc6 Kf4 50. Kxb6 Ke3 51. Ka5 Kxd3 52. b6 Kc2 53. b7 d3 54. b8Q d2 55. Qxd6 1-0

[Event "Bogota McGregor op 3rd"]
[Site "Bogota"]
[Date "2012.12.16"]
[Round "8"]
[White "Corredor Castellanos, Camilo"]
[Black "Jaramillo Ochoa, Mateo"]
[Result "0-1"]
[WhiteElo "1857"]
[BlackElo "2088"]
[PlyCount "82"]
[EventDate "2012.12.12"]
[EventType "swiss"]
[EventRounds "9"]
[EventCountry "COL"]
[SourceTitle "EXT 2014"]
[Source "ChessBase"]
[SourceDate "2013.11.20"]
[SourceVersion "1"]
[SourceVersionDate "2013.11.20"]
[SourceQuality "1"]

1. e4 c5 2. Nf3 Nc6 3. d4 cxd4 4. Nxd4 Nf6 5. Nc3 e5 6. Ndb5 d6 7. Bg5 a6 8. Na3 b5 9. Nd5 Be7 10. Bxf6 Bxf6 11. c3 Ne7 12. Nc2 Nxd5 13. exd5 0-0 14. Be2 g6 15. 0-0 Qe8 16. Nb4 Bd8 17. a4 bxa4 18. Rxa4 a5 19. Nc6 Bd7 20. Bb5 Rc8 21. c4 Bxc6 22. Bxc6 Qe7 23. Qd2 Bb6 24. Rfa1 Rb8 25. Bb5 f5 26. Re1 Kg7 27. g3 h5 28. Kg2 h4 29. Ra3 Rh8 30. Rg1 Rh5 31. Kf1 Rbh8 32. Qc2 hxg3 33. Raxg3 R8h6 34. h4 Kf7 35. Ba6 Rxh4 36. Bc8 Rf4 37. Be6+ Kf6 38. R1g2 Qc7 39. b3 Qc5 40. Kg1 Qd4 41. Bd7 Qa1+ 0-1

[Event "Bogota McGregor op 3rd"]
[Site "Bogota"]
[Date "2012.12.14"]
[Round "5"]
[White "Jaramillo Ochoa, Mateo"]
[Black "Salcedo, Jackeline"]
[Result "1-0"]
[WhiteElo "2088"]
[BlackElo "1924"]
[PlyCount "47"]
[EventDate "2012.12.12"]
[EventType "swiss"]
[EventRounds "9"]
[EventCountry "COL"]
[SourceTitle "EXT 2014"]
[Source "ChessBase"]
[SourceDate "2013.11.20"]
[SourceVersion "1"]
[SourceVersionDate "2013.11.20"]
[SourceQuality "1"]

1. d4 f5 2. g3 Nf6 3. c4 e6 4. Bg2 d5 5. Nf3 c6 6. 0-0 Be7 7. b3 0-0 8. Ba3 Bd7 9. Qc2 Bxa3 10. Nxa3 Qe7 11. Qb2 Be8 12. Ne5 Nbd7 13. Nd3 g5 14. b4 Bg6 15. b5 cxb5 16. cxd5 exd5 17. Nxb5 Nb6 18. Ne5 Be8 19. a4 Ne4 20. Rfc1 a6 21. Nc7 Nxa4 22. Qb3 Rd8 23. Nxd5 Qe6 24. Ne7+ 1-0

[Event "Pamplona IRT rap op"]
[Site "Pamplona"]
[Date "2012.11.09"]
[Round "1"]
[White "Jaramillo Ochoa, Mateo"]
[Black "Panesso Rivera, Henry"]
[Result "0-1"]
[WhiteElo "2034"]
[BlackElo "2335"]
[PlyCount "74"]
[EventDate "2012.11.09"]
[EventType "swiss"]
[EventRounds "11"]
[EventCountry "COL"]
[SourceTitle "CBM 151 Extra"]
[Source "ChessBase"]
[SourceDate "2012.12.18"]
[SourceVersion "1"]
[SourceVersionDate "2012.12.18"]
[SourceQuality "1"]

1. e4 e5 2. Nf3 Nc6 3. Bb5 Nge7 4. c3 g6 5. d4 exd4 6. cxd4 a6 7. Ba4 Bg7 8. 0-0 b5 9. Bb3 0-0 10. a4 Bb7 11. Re1 Na5 12. Bc2 d6 13. Qe2 b4 14. Bg5 h6 15. Be3 f5 16. exf5 Nxf5 17. Nbd2 Qd7 18. Be4 Bxe4 19. Nxe4 Qc6 20. Qd3 Qd5 21. Rad1 Qa2 22. Ng3 Qxa4 23. Nxf5 gxf5 24. Bf4 Qb3 25. Re7 Qxd3 26. Rxd3 Rf7 27. Rxf7 Kxf7 28. Bd2 Nc4 29. Bxb4 Rb8 30. Bc3 Nxb2 31. Bxb2 Rxb2 32. g3 a5 33. Nh4 Ke6 34. Re3+ Kd5 35. Nxf5 Bxd4 36. Ra3 Bxf2+ 37. Kf1 Bc5 0-1

[Event "Bogota op 10"]
[Site "Bogota"]
[Date "2012.10.17"]
[Round "7"]
[White "Jaramillo Ochoa, Mateo"]
[Black "Saladen Dulce, Rafael"]
[Result "0-1"]
[WhiteElo "2073"]
[BlackElo "2212"]
[PlyCount "66"]
[EventDate "2012.10.11"]
[EventType "swiss"]
[EventRounds "9"]
[EventCountry "COL"]
[SourceTitle "EXT 2013"]
[Source "ChessBase"]
[SourceDate "2012.11.22"]
[SourceVersion "1"]
[SourceVersionDate "2012.11.22"]
[SourceQuality "1"]

1. e4 e5 2. Nf3 Nc6 3. Bb5 a6 4. Ba4 Nf6 5. 0-0 Be7 6. Re1 b5 7. Bb3 d6 8. c3 0-0 9. h3 Na5 10. Bc2 c5 11. d4 Qc7 12. Nbd2 cxd4 13. cxd4 Nc6 14. d5 Nb4 15. Bb1 a5 16. a3 Na6 17. b4 Bd7 18. Qb3 Rfc8 19. Bb2 Nh5 20. Rc1 Qd8 21. Bd3 a4 22. Qd1 Nf4 23. Qf1 Qb6 24. Rxc8+ Rxc8 25. Rc1 Nc7 26. Nb1 g6 27. Rc2 f5 28. Nxe5 dxe5 29. Bxe5 Bd6 30. Bd4 Qb7 31. e5 Qxd5 32. exd6 Nce6 33. Rxc8+ Bxc8 0-1

[Event "Bogota op 10"]
[Site "Bogota"]
[Date "2012.10.16"]
[Round "6"]
[White "Prado Useche, Leonardo"]
[Black "Jaramillo Ochoa, Mateo"]
[Result "0-1"]
[WhiteElo "1900"]
[BlackElo "2073"]
[PlyCount "54"]
[EventDate "2012.10.11"]
[EventType "swiss"]
[EventRounds "9"]
[EventCountry "COL"]
[SourceTitle "EXT 2013"]
[Source "ChessBase"]
[SourceDate "2012.11.22"]
[SourceVersion "1"]
[SourceVersionDate "2012.11.22"]
[SourceQuality "1"]

1. e4 c5 2. Nf3 Nc6 3. d4 cxd4 4. Nxd4 Nf6 5. Nxc6 dxc6 6. Bd3 e5 7. 0-0 Be6 8. Qe2 Bc5 9. Nc3 h6 10. Kh1 Ng4 11. f3 Nxh2 12. g3 Nxf1 13. Qxf1 h5 14. Na4 h4 15. g4 Be7 16. Be3 Bg5 17. Bf2 b6 18. Nc3 h3 19. a4 Qf6 20. Bg3 Bf4 21. Be1 h2 22. Qg2 g5 23. Bf1 Kf8 24. a5 Kg7 25. b3 Qe7 26. Qe2 Qc5 27. Nd1 Qg1# 0-1

[Event "Barcelona Sant Marti op-A 14th"]
[Site "Barcelona"]
[Date "2012.07.20"]
[Round "8"]
[White "Lacasta Palacio, Joaquim"]
[Black "Jaramillo Ochoa, Mateo"]
[Result "1/2-1/2"]
[WhiteElo "2195"]
[BlackElo "2030"]
[PlyCount "94"]
[EventDate "2012.07.13"]
[EventType "swiss"]
[EventRounds "9"]
[EventCountry "ESP"]
[SourceTitle "CBM 149 Extra"]
[Source "ChessBase"]
[SourceDate "2012.08.24"]
[SourceVersion "1"]
[SourceVersionDate "2012.08.24"]
[SourceQuality "1"]

1. g3 e5 2. c4 Nf6 3. Bg2 d5 4. cxd5 Nxd5 5. Nc3 Nb6 6. Nf3 Nc6 7. 0-0 Be7 8. d3 0-0 9. Be3 Be6 10. d4 exd4 11. Nxd4 Nxd4 12. Qxd4 Qxd4 13. Bxd4 c6 14. b3 Rfd8 15. Rad1 Bb4 16. Ne4 Bd5 17. Rd3 Rd7 18. Rfd1 Rad8 19. Bxb6 axb6 20. Bh3 Re7 21. Rd4 Bc5 22. Nxc5 bxc5 23. R4d2 Rde8 24. Bg2 Bxg2 25. Kxg2 f6 26. e3 Ra8 27. Kf3 Kf7 28. h4 Ke8 29. h5 Rc7 30. Kf4 Ke7 31. f3 Ke6 32. e4 Ra5 33. g4 b5 34. Rc1 b4 35. Rdc2 Kd6 36. Rd1+ Ke6 37. Rcd2 Ke7 38. Rg1 Rd7 39. Rgg2 Rxd2 40. Rxd2 c4 41. bxc4 Ra3 42. c5 g5+ 43. hxg6 hxg6 44. e5 fxe5+ 45. Kxe5 Rxf3 46. Rb2 Rc3 47. Rxb4 Rxc5+ 1/2-1/2